000 00415nam a2200133Ia 4500
008 220214s9999 xx 000 0 und d
022 _a0360-8905
245 0 _aJournal of Polymer Science. Part C. Polymer Symposium
260 _bJohn Willey and Sons
_aNew York
500 _aEnding Volume & Year: 7, 1973
500 _aMissing Volume: 17;21-53;59-63;66-71
500 _aStarting Volume & Year: 1, 1963
942 _cBJ
999 _c1218
_d1218